02085nam a22002177a 450000500170000000700150001700800410003202000220007303500100009504000090010510000350011424501420014925600240029126000410031530000280035650010850038450602700146965000490173974000380178885600410182620240305165628.0cr|||| |||| 220217s2020 es |||||s|||| 00||0 spa d a978-84-122314-2-7 a35572 avLex1 aAparicio Aldana, Rebeca Karina10aDerechos a la libertad de información y expresión en el contrato de trabajoh[Recurso electrónico] /cRebeca Karina Aparicio Aldana aServicio en línea aBarcelona:bJ.M. Bosch Editor,c2020 a1 recurso electrónico aEsta obra se aboca al estudio de los derechos a la libertad de información y expresión en el contrato de trabajo, con el fin de dar una solución a los conflictos que se presentan ante la dificultad de los operadores jurídicos para distinguir, en los casos concretos, ambos derechos fundamentales. Para ello, aborda las implicaciones jurídicas de su ejercicio en las relaciones laborales, analizando la doctrina científica al respecto y los diversos pronunciamientos del Tribunal Constitucional, Tribunal Supremo, Audiencia Nacional y de los Tribunales europeos, desde una perspectiva armonizadora de los derechos fundamentales. Esta monografía está dirigida a abogados, operadores jurídicos, organizaciones sindicales, organizaciones no gubernamentales de protección de los derechos fundamentales, administraciones públicas dedicadas a la protección de los derechos de los trabajadores, investigadores jurídicos, especialistas en recursos humanos, entre otros interesados en la defensa de estos derechos de vital relevancia en una sociedad democrática.1 aDisponible solo en los productos indicadosdvLex GlobaldvLex Global (Academic Edition, excluding Law Schools)dvLex Global (U.S. Academic Edition, Law Schools)dvLex Global (U.S. Academic Edition, excluding Law Schools)dvLex Global (Academic Edition, Law Schools)04aDerecho Laboral y Seguridad SocialzEspaña0 avLex Libros (Servicio en línea)40uhttps://app.vlex.com/#/sources/35572